000 00630nam a2200181Ia 4500
003 GCL
008 140319s9999 xx 000 0 ara d
040 _aGCL /
_cGCL
082 0 4 _a925
_bم ع
100 1 _aمحمد بن ناصر العجمى
245 1 0 _aعلاقة الكويت الشيخ عبد الله الخلف الدحيان حياته ومراسلاته العلمية و اثاره /
_cمحمد بن ناصر العجمى
300 _a457 ص
490 _a
650 0 4 _aالكويت - تراجم
650 0 4 _aالعلماء - تراجم
650 0 4 _aعبدالله الخلف الدحيان
942 _2ddc
_cBK
999 _c41501
_d41501